| 000 | 03641cam a22004935i 4500 | ||
|---|---|---|---|
| 005 | 20260322212013.0 | ||
| 008 | data | ||
| 010 | _a 2014008569 | ||
| 016 | 7 |
_a016733173 _2Uk |
|
| 020 |
_a9781250046208 _q(hbk.) |
||
| 020 |
_a1250046203 _q(hbk.) |
||
| 020 |
_a9781250046215 _q(pbk.) |
||
| 020 |
_a1250046211 _q(pbk.) |
||
| 040 |
_aDLC _beng _cDLC _erda _dDLC _dBTCTA _dBDX _dYDXCP _dOCLCO _dUKMGB _dCD5 _dOCLCO _dOCLCF _dCLE _dOCLCQ _dDLC |
||
| 042 | _alccopycat | ||
| 082 | 0 | 4 |
_a808.83/8762 _223 |
| 084 |
_aFIC003000 _aFIC003000 _2bisacsh |
||
| 092 | _a808.83 Yea 2014 | ||
| 245 | 0 | 4 |
_aThe year's best science fiction : _bthirty-first annual collection / _cedited by Gardner R. Dozois. |
| 246 | 3 | 0 |
_aScience fiction : _bthirty-first annual collection |
| 250 | _aFirst edition. | ||
| 264 | 1 |
_aNew York : _bSt. Martin's Griffin, _c2014. |
|
| 300 |
_axliii, 705 pages ; _c25 cm |
||
| 336 |
_atext _btxt _2rdacontent |
||
| 337 |
_aunmediated _bn _2rdamedia |
||
| 338 |
_avolume _bnc _2rdacarrier |
||
| 505 | 0 | _aThe discovered country / Ian R. MacLeod -- The book seller / Lavie Tidhar -- Pathways / Nancy Kress -- A heap of broken images / Sunny Moraine -- Rock of ages / Jay Lake -- Rosary and goldenstar / Geoff Ryman -- Gray wings / Karl Bunker -- The best we can / Carrie Vaughn -- Transitional forms / Paul J. McAuley --Precious mental / Robert Reed -- Martian blood / Allen M. Steele-- Zero for conduct / Greg Egan -- The waiting stars / Aliette de Bodard -- A map of mercury / Alastair Reynolds. | |
| 505 | 8 | _aOne / Nancy Kress -- Murder on the Aldrin Express / Martin L. Shoemaker -- Biographical fragments of the life of Julian Prince / Jake Kerr -- The plague / Ken Liu -- Fleet / Sandra McDonald --The she-wolf's hidden grin / Michael Swanwick -- Bad day on Boscobel / Alexander Jablokov -- The Irish astronaut / Val Nolan-- The other gun / Neal Asher -- Only human / Lavie Tidhar --Entangled / Ian R. MacLeod -- Earth / Stephen Baxter --Technarion / Sean McMullen -- Finders / Melissa Scott -- The Queen of Night's aria / Ian McDonald -- Hard stars / Brenda DuBois -- The promise of space / James Patrick Kelly -- Quicken / Damien Broderick. | |
| 520 |
_a"In the new millennium, what secrets lay beyond the far reaches of the universe? What mysteries belie the truths we once held to be self evident? The world of science fiction has long been a porthole into the realities of tomorrow, blurring the line between life and art. Now, in The Year's Best Science Fiction: Thirty-First Annual Collection the very best SF authors explore ideas of a new world in the year's best short stories"-- _cProvided by publisher. |
||
| 650 | 0 | _aScience fiction. | |
| 650 | 0 | _aShort stories. | |
| 650 | 7 |
_aFICTION _xShort Stories. _xShort Stories. _2bisacsh |
|
| 650 | 7 |
_aFICTION _xAnthologies (multiple authors) _2bisacsh |
|
| 650 | 7 |
_aScience fiction. _2fast _0(OCoLC)fst01108566 |
|
| 700 | 1 |
_aDozois, Gardner R., _eeditor. |
|
| 856 | 4 | 1 |
_3Table of contents only _uhttp://www.loc.gov/catdir/enhancements/fy1506/2014008569-t.html |
| 856 | 4 | 1 |
_3Sample text _uhttp://www.loc.gov/catdir/enhancements/fy1506/2014008569-s.html |
| 856 | 4 | 2 |
_3Contributor biographical information _uhttp://www.loc.gov/catdir/enhancements/fy1506/2014008569-b.html |
| 856 | 4 | 2 |
_3Publisher description _uhttp://www.loc.gov/catdir/enhancements/fy1506/2014008569-d.html |
| 906 |
_a0 _bibc _ccopycat _d2 _eepcn _f20 _gy-gencatlg |
||
| 925 | 0 |
_aacquire _b1 shelf copy _xpolicy default |
|
| 001 | data | ||
| 999 |
_c264 _d264 |
||